Los Angeles Clippers 2016-17 Roster - Statistics

General Stats
  • This quiz has been taken 268 times
    243 since last reset
  • The average score is 9 of 16
Answer Stats
Nbr Post Player % Correct
32 Forward Blake Griffin
99%
6 Center DeAndre Jordan
97%
3 Guard Chris Paul
96%
- Head Coach Doc Rivers
77%
25 Guard Austin Rivers
76%
11 Guard Jamal Crawford
70%
4 Guard JJ Redick
69%
33 Forward Wesley Johnson
49%
34 Forward Paul Pierce
48%
10 Forward Brice Johnson
47%
12 Forward Luc Mbah a Moute
45%
2 Guard Raymond Felton
33%
5 Forward-Center Marreese Speights
29%
30 Forward Brandon Bass
19%
0 Center Diamond Stone
18%
9 Forward-Guard Alan Anderson
17%
No matching quizzes found
Score Distribution
Percent of People with Each Score
Percentile by Number Answered
Your Score History
You have not taken this quiz since the last reset